| 000 | 01018cam a22002054a 4500 | ||
|---|---|---|---|
| 005 | 20250605164127.0 | ||
| 008 | 250528s ||||||||||||||||||||||||d | ||
| 035 | _a18492 | ||
| 020 | _a1858051576 | ||
| 040 |
_aGR-AtMCL _bgre _dGR-AtMCL _eAACR2 |
||
| 245 | 1 | _aBusiness Mathematics and Statistics / Fourth Edition | |
| 250 | _a4th | ||
| 260 |
_bDp Publications Ltd, _c1996 |
||
| 300 | _a426 | ||
| 520 | _aThis book provides a thorough grounding in basic mathematical and statistical techniques for students of business and professional studies. Preface, Data and Their Presentation, Statistical Measures, Regression and Correlation, Time Series Analysis, Index Numbers, Compounding and Discounting and Annuities, Business Equations and Graphs, Probability, Further Probability, Specialized Business Applications, Answers to Student Exercises, Examination Questions, Answers to Examination Questions, Appendices, Index. | ||
| 700 | 1 |
_aFrancis Andy _94753 |
|
| 942 | _cBK | ||
| 999 |
_c3851 _d3851 |
||